000 00513cam a2200169 a 4500
999 _c111163
_d111163
001 13968515
005 20190308111715.0
008 050120s2004 ii 000 0 eng
020 _a8122006736 (v. 2)
040 _cPK-LaUMT
082 0 0 _a954.052
_222
_bSHE-Q
100 0 _aShekhar, Chandra
245 1 4 _aThe quest, the hurdles :
_ba socialist testament /
_cby Chandra Shekhar ; foreword by P.V. Narasimha Rao
260 _aDelhi :
_bKonark Publishers,
_c2004
300 _a334 (2 v.) ;
_c25 cm.
942 _cBK